[Event "Niederbayernliga 1415"]
[Site "Bayern"]
[Date "2014.12.06"]
[Round "4.1"]
[White "Haselbeck, Franz"]
[Black "Holzer, Richard"]
[Result "1/2-1/2"]
[WhiteElo "1873"]
[BlackElo "2164"]
[PlyCount "67"]
[EventDate "2014.10.19"]
[EventType "team-tourn"]
[EventRounds "9"]
[EventCountry "GER"]
[SourceTitle "EXT 2023"]
[Source "ChessBase"]
[SourceDate "2022.10.05"]
[SourceVersion "1"]
[SourceVersionDate "2022.10.05"]
[SourceQuality "1"]
[WhiteTeam "Deggendorf II"]
[BlackTeam "Passau II"]
[WhiteTeamCountry "GER"]
[BlackTeamCountry "GER"]

1. Nf3 c5 2. g3 Nc6 3. Bg2 d6 4. 0-0 g6 5. d3 Bg7 6. e4 Bg4 7. h3 Bd7 8. c3 Nf6 9. Nbd2 0-0 10. a4 Re8 11. Kh2 a6 12. Nc4 Be6 13. Qe2 Bxc4 14. dxc4 Nd7 15. Nh4 Na5 16. f4 Qc7 17. Nf3 Nb6 18. Nd2 Qd7 19. e5 Qe6 20. Ne4 Nb3 21. Ng5 Qc8 22. Ra3 Na5 23. b3 f6 24. Nf3 Qe6 25. Qc2 fxe5 26. fxe5 Bxe5 27. Ng5 Qd7 28. Nxh7 Kxh7 29. Rf7+ Bg7 30. Qd2 Kg8 31. Rxg7+ Kxg7 32. Qh6+ Kg8 33. Qxg6+ Kh8 34. Qh6+ 1/2-1/2

[Event "Niederbayernliga 1314"]
[Site "Bayern"]
[Date "2014.??.??"]
[Round "5"]
[White "Holzer, Richard"]
[Black "Westenthanner, Paul"]
[Result "1/2-1/2"]
[WhiteElo "2164"]
[BlackElo "1951"]
[PlyCount "56"]
[EventDate "2013.10.13"]
[EventType "team-tourn"]
[EventRounds "9"]
[EventCountry "GER"]
[SourceTitle "EXT 2023"]
[Source "ChessBase"]
[SourceDate "2022.10.05"]
[SourceVersion "1"]
[SourceVersionDate "2022.10.05"]
[SourceQuality "1"]
[WhiteTeam "Passau II"]
[BlackTeam "Landshut II"]
[WhiteTeamCountry "GER"]
[BlackTeamCountry "GER"]

1. e4 c6 2. d4 d5 3. e5 Bf5 4. Nc3 e6 5. g4 Bg6 6. Nge2 c5 7. h4 h6 8. f4 Be7 9. Bg2 Bxh4+ 10. Kf1 Be7 11. f5 Bh7 12. Nf4 Qb6 13. Be3 Nd7 14. Qd3 c4 15. Qd2 0-0-0 16. a3 Nxe5 17. dxe5 d4 18. Ncd5 exd5 19. Qxd4 Qxd4 20. Bxd4 Kb8 21. Rd1 Bg5 22. Nxd5 Ne7 23. Bc5 Nc6 24. Bd6+ Kc8 25. Kf2 Rhe8 26. Ne3 Bxe3+ 27. Kxe3 Nxe5 28. Kf4 f6 1/2-1/2

[Event "Niederbayernliga 1314"]
[Site "Bayern"]
[Date "2013.??.??"]
[Round "3"]
[White "Holzer, Richard"]
[Black "Heyne, Martin"]
[Result "1/2-1/2"]
[WhiteElo "2164"]
[BlackElo "2049"]
[PlyCount "38"]
[EventDate "2013.10.13"]
[EventType "team-tourn"]
[EventRounds "9"]
[EventCountry "GER"]
[SourceTitle "EXT 2023"]
[Source "ChessBase"]
[SourceDate "2022.10.05"]
[SourceVersion "1"]
[SourceVersionDate "2022.10.05"]
[SourceQuality "1"]
[WhiteTeam "Passau II"]
[BlackTeam "Schaibing"]
[WhiteTeamCountry "GER"]
[BlackTeamCountry "GER"]

1. e4 e6 2. d4 d5 3. Nc3 dxe4 4. Nxe4 Bd7 5. Nf3 Bc6 6. Bd3 Nd7 7. c3 Ngf6 8. Qe2 Nxe4 9. Bxe4 Bxe4 10. Qxe4 c6 11. Bf4 Nf6 12. Qc2 Be7 13. Qb3 Qb6 14. Qxb6 axb6 15. Ke2 Nd5 16. Be3 b5 17. a3 f6 18. Rad1 Kf7 19. Rd3 Ra4 1/2-1/2

[Event "Oberliga Bayern 1213"]
[Site "Bayern"]
[Date "2012.12.09"]
[Round "4.5"]
[White "Holzer, Richard"]
[Black "Promyshlyanskiy, Vitaliy"]
[Result "1/2-1/2"]
[WhiteElo "2160"]
[BlackElo "2180"]
[PlyCount "25"]
[EventDate "2012.10.14"]
[EventType "team-tourn"]
[EventRounds "9"]
[EventCountry "GER"]
[SourceTitle "EXT 2015"]
[Source "ChessBase"]
[SourceDate "2014.11.20"]
[SourceVersion "1"]
[SourceVersionDate "2014.11.20"]
[SourceQuality "1"]
[WhiteTeam "Passau"]
[BlackTeam "Nuernberg NT"]
[WhiteTeamCountry "GER"]
[BlackTeamCountry "GER"]

1. e4 e5 2. Nf3 Nc6 3. Bc4 Nf6 4. d4 exd4 5. Ng5 d5 6. exd5 Qe7+ 7. Kf1 Ne5 8. Qxd4 h6 9. Ne4 Nxc4 10. Nxf6+ Qxf6 11. Qxc4 Bd6 12. Nc3 0-0 13. Ne4 1/2-1/2

[Event "Niederbayernliga 1112"]
[Site "Bayern"]
[Date "2012.??.??"]
[Round "6"]
[White "Simin, Vladimir"]
[Black "Holzer, Richard"]
[Result "0-1"]
[WhiteElo "1908"]
[BlackElo "2258"]
[PlyCount "92"]
[EventDate "2011.10.??"]
[EventType "team-tourn"]
[EventRounds "9"]
[EventCountry "GER"]
[SourceTitle "EXT 2023"]
[Source "ChessBase"]
[SourceDate "2022.10.05"]
[SourceVersion "1"]
[SourceVersionDate "2022.10.05"]
[SourceQuality "1"]
[WhiteTeam "Ergolding"]
[BlackTeam "Passau II"]
[WhiteTeamCountry "GER"]
[BlackTeamCountry "GER"]

1. d4 Nf6 2. c4 c5 3. Nf3 cxd4 4. Nxd4 e5 5. Nb5 d5 6. cxd5 Bc5 7. e3 0-0 8. Be2 a6 9. N5c3 e4 10. Nd2 Qe7 11. Nb3 Bd6 12. h3 Nbd7 13. Bd2 Nb6 14. Rc1 Rd8 15. Nd4 Be5 16. Qb3 Bxd4 17. exd4 Nbxd5 18. Nxd5 Rxd5 19. Be3 Be6 20. Qc3 Rd6 21. 0-0 Nd5 22. Qd2 Nxe3 23. fxe3 Bxa2 24. Qa5 Bd5 25. Bc4 Rad8 26. Bxd5 Rxd5 27. Qc7 Qxc7 28. Rxc7 R5d7 29. Rfc1 Kf8 30. R7c5 Rd5 31. Kf2 Ke7 32. Kg3 f5 33. Kf4 Kf6 34. h4 g6 35. Rc7 Rb5 36. R1c2 h6 37. g4 g5+ 38. hxg5+ hxg5+ 39. Kg3 f4+ 40. exf4 Rxd4 41. fxg5+ Kxg5 42. Rg7+ Kf6 43. Rh7 Rb3+ 44. Kh4 e3 45. Kg3 Rd2 46. Rxd2 exd2+ 0-1

[Event "Niederbayern-ch"]
[Site "Mamming"]
[Date "2011.03.12"]
[Round "5"]
[White "Holzer, Richard"]
[Black "Popp, Michael"]
[Result "1-0"]
[WhiteElo "2138"]
[BlackElo "1967"]
[PlyCount "83"]
[EventDate "2011.03.10"]
[EventType "swiss"]
[EventRounds "7"]
[EventCountry "GER"]
[SourceTitle "EXT 2023"]
[Source "ChessBase"]
[SourceDate "2022.10.05"]
[SourceVersion "1"]
[SourceVersionDate "2022.10.05"]
[SourceQuality "1"]

1. e4 e6 2. d4 d5 3. Nc3 Bb4 4. Nge2 dxe4 5. a3 Be7 6. Nxe4 Nf6 7. N2g3 Nc6 8. Bb5 Nxe4 9. Bxc6+ bxc6 10. Nxe4 Qd5 11. f3 Ba6 12. Bf4 0-0-0 13. c3 f5 14. Nd2 c5 15. Qa4 Kb7 16. Bxc7 Kxc7 17. Qxa6 Kb8 18. 0-0-0 cxd4 19. cxd4 Rd6 20. Qa4 Rc8+ 21. Kb1 Qxd4 22. Qxd4 Rxd4 23. Nb3 Rdc4 24. Rhe1 Rc2 25. Rxe6 Bg5 26. Rd7 Bf6 27. Rd2 Rxd2 28. Nxd2 Rd8 29. Re2 Kc7 30. Kc2 Kc6 31. Nc4 Kb5 32. b3 Rd7 33. Rd2 Re7 34. Nd6+ Ka6 35. Nxf5 Rc7+ 36. Kb1 Rc3 37. Ka2 Rc1 38. b4 Kb5 39. Nd4+ Bxd4 40. Rxd4 Rc2+ 41. Kb3 Rxg2 42. Rd6 1-0

[Event "Oberliga Bayern 1011"]
[Site "Germany"]
[Date "2011.02.27"]
[Round "7.6"]
[White "Wagner, Hans2222"]
[Black "Holzer, Richard"]
[Result "1-0"]
[WhiteElo "2181"]
[BlackElo "2150"]
[PlyCount "71"]
[EventDate "2010.10.10"]
[EventType "team-tourn"]
[EventRounds "9"]
[EventCountry "GER"]
[SourceTitle "EXT 2012"]
[Source "ChessBase"]
[SourceDate "2011.11.24"]
[SourceVersion "1"]
[SourceVersionDate "2011.11.24"]
[SourceQuality "1"]
[WhiteTeam "Rottal"]
[BlackTeam "Passau"]
[WhiteTeamCountry "GER"]
[BlackTeamCountry "GER"]

1. Nf3 Nf6 2. g3 d5 3. Bg2 c6 4. d3 Bg4 5. Nbd2 Qc8 6. h3 Bf5 7. c4 e6 8. Nh4 Bg6 9. 0-0 Nbd7 10. cxd5 exd5 11. Nxg6 hxg6 12. e4 dxe4 13. dxe4 Ne5 14. Nf3 Nxf3+ 15. Qxf3 Qe6 16. Be3 Rh5 17. Rfe1 Ra5 18. a3 0-0-0 19. b4 Ra4 20. Qe2 Qb3 21. e5 Nd5 22. Bg5 Re8 23. Reb1 Nc3 24. Qd3 Qxb1+ 25. Rxb1 Nxb1 26. Qxb1 Rxa3 27. b5 Rc3 28. bxc6 bxc6 29. h4 Rxe5 30. Bf4 Rb5 31. Qe1 Bb4 32. Qe8+ Kb7 33. Qxf7+ Kb6 34. Qc7+ Ka6 35. Bf1 Rc2 36. Be3 1-0

[Event "AUT-chT2M 1011"]
[Site "Austria"]
[Date "2010.11.27"]
[Round "4"]
[White "Holzer, Richard"]
[Black "Steiner, Stefan"]
[Result "1-0"]
[WhiteElo "2251"]
[BlackElo "2247"]
[PlyCount "78"]
[EventDate "2010.10.16"]
[EventType "team-tourn"]
[EventRounds "11"]
[EventCountry "AUT"]
[SourceTitle "EXT 2012"]
[Source "ChessBase"]
[SourceDate "2011.11.24"]
[SourceVersion "1"]
[SourceVersionDate "2011.11.24"]
[SourceQuality "1"]
[WhiteTeam "Sauwald"]
[BlackTeam "Graz Strassenbahn"]
[WhiteTeamCountry "AUT"]
[BlackTeamCountry "AUT"]

1. e4 Nc6 2. d4 d5 3. exd5 Qxd5 4. Nf3 e5 5. Nc3 Bb4 6. Bd2 Bxc3 7. Bxc3 e4 8. Ne5 Nxe5 9. dxe5 Ne7 10. Be2 Be6 11. 0-0 0-0-0 12. Bg4 Qc4 13. Bxe6+ Qxe6 14. Qe2 Qg6 15. Rfe1 Nd5 16. Bd2 f5 17. exf6 Nxf6 18. Rad1 Rhe8 19. Be3 a6 20. h3 Qf5 21. Qc4 Nd5 22. Qc5 b6 23. Qa3 Kb7 24. Rd2 Nf4 25. Rxd8 Rxd8 26. Qe7 Rd7 27. Qe8 Nxg2 28. Kxg2 Qf3+ 29. Kh2 Rd2 30. Kg1 Rd6 31. Kh2 Rd2 32. Kg1 Rd6 33. Bg5 Rg6 34. h4 Qg4+ 35. Kh2 Re6 36. Qf7 h6 37. Rg1 Qe2 38. Qxe6 hxg5 39. Qd5+ Ka7 1-0

[Event "Oberliga Bayern 1011"]
[Site "Germany"]
[Date "2010.11.14"]
[Round "3.5"]
[White "Schleich, Markus"]
[Black "Holzer, Richard"]
[Result "1-0"]
[WhiteElo "2248"]
[BlackElo "2150"]
[PlyCount "77"]
[EventDate "2010.10.10"]
[EventType "team-tourn"]
[EventRounds "9"]
[EventCountry "GER"]
[SourceTitle "EXT 2012"]
[Source "ChessBase"]
[SourceDate "2011.11.24"]
[SourceVersion "1"]
[SourceVersionDate "2011.11.24"]
[SourceQuality "1"]
[WhiteTeam "Garching"]
[BlackTeam "Passau"]
[WhiteTeamCountry "GER"]
[BlackTeamCountry "GER"]

1. e4 e5 2. Nf3 Nc6 3. d4 exd4 4. Nxd4 Bc5 5. Nxc6 Qf6 6. Qf3 Qxc6 7. Nc3 Ne7 8. Bb5 Qb6 9. 0-0 0-0 10. Bd3 Bd4 11. Ne2 Be5 12. Bg5 Nc6 13. Qh5 Qxb2 14. Rab1 Qxa2 15. f4 g6 16. Qh4 Bg7 17. Bh6 f6 18. Rb3 d6 19. Bc4+ Kh8 20. Bxg7+ Kxg7 21. Rh3 Bxh3 22. Bxa2 Bd7 23. Nc3 Rae8 24. Re1 Nd4 25. Qf2 c5 26. Nd5 Bc6 27. c3 Nb5 28. Qd2 Rf7 29. h4 Rd7 30. h5 gxh5 31. Qf2 Bxd5 32. Bxd5 Kh8 33. Qh4 Rf8 34. Re3 Rg7 35. Rg3 b6 36. Rxg7 Kxg7 37. e5 Nc7 38. exf6+ Rxf6 39. Qg5+ 1-0

[Event "Oberliga Bayern 1011"]
[Site "Germany"]
[Date "2010.10.24"]
[Round "2.5"]
[White "Holzer, Richard"]
[Black "Baeuml, Ulrich"]
[Result "1-0"]
[WhiteElo "2150"]
[BlackElo "1996"]
[PlyCount "139"]
[EventDate "2010.10.10"]
[EventType "team-tourn"]
[EventRounds "9"]
[EventCountry "GER"]
[SourceTitle "EXT 2012"]
[Source "ChessBase"]
[SourceDate "2011.11.24"]
[SourceVersion "1"]
[SourceVersionDate "2011.11.24"]
[SourceQuality "1"]
[WhiteTeam "Passau"]
[BlackTeam "Dillingen"]
[WhiteTeamCountry "GER"]
[BlackTeamCountry "GER"]

1. e4 c5 2. c3 Nf6 3. e5 Nd5 4. d4 cxd4 5. Nf3 e6 6. Bc4 d6 7. Bxd5 exd5 8. Qxd4 dxe5 9. Qxe5+ Qe7 10. Qxe7+ Bxe7 11. 0-0 0-0 12. Re1 Nc6 13. Be3 Bf5 14. Nbd2 Bf6 15. Nb3 Bg6 16. Rad1 Rfd8 17. Rd2 Bh5 18. Red1 Bxf3 19. gxf3 Ne5 20. Rxd5 Nxf3+ 21. Kg2 Ne5 22. Rxd8+ Rxd8 23. Rxd8+ Bxd8 24. Bxa7 Nc4 25. Nc5 b5 26. b3 Na5 27. Ne4 Bc7 28. Bc5 Nb7 29. Bb4 f5 30. Nd2 Kf7 31. Nf3 Bb6 32. Ng5+ Kg6 33. Ne6 Kf6 34. Nf8 Kg5 35. Nxh7+ Kf4 36. Bf8 g6 37. Kf1 Bd8 38. Bh6+ Ke4 39. Ke2 f4 40. f3+ Kf5 41. Bf8 g5 42. Bb4 g4 43. Nf8 g3 44. Kf1 Bb6 45. Kg2 Bc7 46. Nd7 Nd8 47. Be7 Nc6 48. Bh4 gxh2 49. Kxh2 Ke6 50. Nc5+ Kd5 51. Nd3 Ke6 52. Kg2 Kf5 53. Kf1 Ba5 54. Be1 Bd8 55. Bd2 Bc7 56. Ke2 Bb8 57. Nb2 Be5 58. Nd3 Bd6 59. Kd1 Bc7 60. Kc2 Bd6 61. b4 Ne7 62. Kb3 Nd5 63. c4 bxc4+ 64. Kxc4 Ne3+ 65. Bxe3 fxe3 66. Kd5 Bg3 67. a4 e2 68. a5 e1Q 69. Nxe1 Bxe1 70. a6 1-0

[Event "Niederbayern-ch"]
[Site "Mamming"]
[Date "2010.06.06"]
[Round "7"]
[White "Holzer, Richard"]
[Black "Schindlbeck, Tobias"]
[Result "1/2-1/2"]
[WhiteElo "2157"]
[BlackElo "1939"]
[PlyCount "77"]
[EventDate "2010.06.03"]
[EventType "swiss"]
[EventRounds "7"]
[EventCountry "GER"]
[SourceTitle "EXT 2023"]
[Source "ChessBase"]
[SourceDate "2022.10.05"]
[SourceVersion "1"]
[SourceVersionDate "2022.10.05"]
[SourceQuality "1"]

1. e4 e6 2. d4 d5 3. Nc3 Bb4 4. Nge2 dxe4 5. a3 Be7 6. Nxe4 Nf6 7. N2g3 0-0 8. Be2 Nc6 9. c3 e5 10. Nxf6+ Bxf6 11. d5 Ne7 12. Bf3 Nf5 13. 0-0 Nxg3 14. hxg3 Bf5 15. Qe2 e4 16. Bxe4 Re8 17. f3 Bxe4 18. fxe4 Qxd5 19. exd5 Rxe2 20. Bf4 c6 21. dxc6 bxc6 22. Rf2 Rae8 23. Kf1 R2e6 24. Rd1 g5 25. Bc7 h5 26. Rfd2 Kg7 27. Bd6 a5 28. Bc5 a4 29. Bd4 Rb8 30. Rf2 Kg6 31. Bxf6 Rxf6 32. Rxf6+ Kxf6 33. Rd6+ Kf5 34. Rxc6 Rxb2 35. Rc4 Rb3 36. Rxa4 Rxc3 37. Kf2 Rc2+ 38. Kg1 Rc1+ 39. Kf2 1/2-1/2

[Event "Niederbayern-ch"]
[Site "Mamming"]
[Date "2010.06.05"]
[Round "6"]
[White "Woitylak, Steffen"]
[Black "Holzer, Richard"]
[Result "0-1"]
[WhiteElo "1850"]
[BlackElo "2157"]
[PlyCount "126"]
[EventDate "2010.06.03"]
[EventType "swiss"]
[EventRounds "7"]
[EventCountry "GER"]
[SourceTitle "EXT 2023"]
[Source "ChessBase"]
[SourceDate "2022.10.05"]
[SourceVersion "1"]
[SourceVersionDate "2022.10.05"]
[SourceQuality "1"]

1. Nf3 Nf6 2. d4 c5 3. e3 e6 4. Be2 d5 5. 0-0 Nc6 6. c4 dxc4 7. Bxc4 cxd4 8. exd4 Be7 9. Nc3 Nb4 10. Qb3 0-0 11. Bg5 Nbd5 12. Nxd5 Nxd5 13. Bxe7 Nxe7 14. Rad1 b6 15. Qd3 Nd5 16. Qe4 Bb7 17. Bd3 g6 18. h4 Rc8 19. Qg4 Qf6 20. Be4 Qe7 21. Qg5 f6 22. Qd2 Rc7 23. Bb1 Qd6 24. Rfe1 Nf4 25. Qe3 Bd5 26. a3 Nh5 27. Be4 Ng7 28. Bxd5 Qxd5 29. Rc1 Nf5 30. Qd2 Rfc8 31. Rxc7 Rxc7 32. Rc1 Rd7 33. Rc8+ Kg7 34. Qb4 Qd6 35. Qxd6 Nxd6 36. Rc2 Kf7 37. Kf1 Nf5 38. Rc4 Ke7 39. Ke2 h5 40. b3 Kd8 41. Rc6 Ke7 42. Rc4 b5 43. Rc5 a6 44. g3 Nxd4+ 45. Nxd4 Rxd4 46. Rc7+ Rd7 47. Rc8 e5 48. Ra8 Rd6 49. a4 bxa4 50. bxa4 Ke6 51. a5 Kf5 52. Ra7 Kg4 53. Rg7 f5 54. Rb7 Rd5 55. Rb6 Rxa5 56. Rxg6+ Kh3 57. Rg5 e4 58. Rxh5 Kg2 59. g4 Ra2+ 60. Ke3 Ra3+ 61. Kf4 Rf3+ 62. Ke5 Kxf2 63. gxf5 e3 0-1

[Event "Niederbayern-ch"]
[Site "Mamming"]
[Date "2010.06.03"]
[Round "2"]
[White "Schubert, Josef"]
[Black "Holzer, Richard"]
[Result "0-1"]
[WhiteElo "1922"]
[BlackElo "2157"]
[PlyCount "118"]
[EventDate "2010.06.03"]
[EventType "swiss"]
[EventRounds "7"]
[EventCountry "GER"]
[SourceTitle "EXT 2023"]
[Source "ChessBase"]
[SourceDate "2022.10.05"]
[SourceVersion "1"]
[SourceVersionDate "2022.10.05"]
[SourceQuality "1"]

1. b4 e5 2. Bb2 Bxb4 3. Bxe5 Nf6 4. Nf3 Nc6 5. Bb2 0-0 6. e3 d5 7. Be2 Re8 8. 0-0 Be6 9. d3 Qe7 10. c3 Bd6 11. Re1 Ne5 12. Nbd2 Rad8 13. Nxe5 Bxe5 14. Nf3 Bd6 15. a4 c6 16. Qc1 Bb8 17. a5 Qd6 18. g3 Bc8 19. Bf1 Ng4 20. Ra4 c5 21. c4 Qc6 22. Qd1 Bd7 23. Ra3 dxc4 24. dxc4 Be6 25. Qe2 Bxc4 26. Qxc4 Qxf3 27. Qe2 Ne5 28. Bxe5 Qxe2 29. Bxe2 Bxe5 30. Rb3 Bc7 31. Rxb7 Bxa5 32. Rc1 Bb6 33. Bc4 Rf8 34. e4 Rd4 35. Bd5 g5 36. h3 Kg7 37. Rc3 Kg6 38. Rf3 f5 39. g4 f4 40. Kg2 Rc8 41. Rc3 c4 42. Be6 Rc5 43. Bf5+ Kf6 44. Rxh7 Rd6 45. h4 gxh4 46. Rh6+ Ke5 47. Rxd6 Kxd6 48. g5 Bd8 49. g6 Bf6 50. Rc2 c3 51. f3 Rb5 52. Kh3 Rb2 53. Rc1 Kc5 54. Kg4 Rg2+ 55. Kh5 Kd4 56. Kh6 h3 57. Bxh3 Rh2 58. g7 Rxh3+ 59. Kg6 Bxg7 0-1

[Event "BL2-Ost 0910"]
[Site "Germany"]
[Date "2009.12.13"]
[Round "4.6"]
[White "Niedermaier, Hans"]
[Black "Holzer, Richard"]
[Result "1/2-1/2"]
[WhiteElo "2277"]
[BlackElo "2272"]
[PlyCount "94"]
[EventDate "2009.10.18"]
[EventType "team-tourn"]
[EventRounds "9"]
[EventCountry "GER"]
[SourceTitle "EXT 2011"]
[Source "ChessBase"]
[SourceDate "2010.11.26"]
[SourceVersion "1"]
[SourceVersionDate "2010.11.26"]
[SourceQuality "1"]
[WhiteTeam "Forchheim"]
[BlackTeam "Passau"]
[WhiteTeamCountry "GER"]
[BlackTeamCountry "GER"]

1. e4 e5 2. f4 Bc5 3. Nc3 d6 4. Nf3 Nf6 5. Bc4 0-0 6. d3 a6 7. Qe2 Re8 8. Be3 exf4 9. Bxc5 dxc5 10. Ng5 Re7 11. Nd5 Nxd5 12. Bxd5 h6 13. Nf3 Be6 14. Bxe6 fxe6 15. 0-0-0 Nc6 16. c3 Rf7 17. d4 cxd4 18. cxd4 Qe7 19. Qc4 Re8 20. Rd3 e5 21. d5 Na7 22. Kb1 Nb5 23. Rc1 Qf6 24. Rd2 Nd6 25. Qd3 g5 26. h3 Ree7 27. a4 Kf8 28. Rdc2 Qg6 29. Nd2 Rg7 30. Ka2 Qh7 31. Re1 g4 32. Nc4 gxh3 33. Nxd6 hxg2 34. Nf5 g1Q 35. Rxg1 Rxg1 36. Qa3 Ke8 37. d6 Qg8+ 38. b3 Rg2 39. Qc5 Re6 40. dxc7 Rxc2+ 41. Qxc2 Kd7 42. Qc4 Qc8 43. Ng7 Rd6 44. Qf7+ Kc6 45. Qc4+ Kd7 46. Qf7+ Kc6 47. Qc4+ Kd7 1/2-1/2

[Event "Landesliga Sued 0910"]
[Site "Bayern"]
[Date "2009.11.15"]
[Round "2.3"]
[White "Otte, Marco"]
[Black "Holzer, Richard"]
[Result "1-0"]
[WhiteElo "2181"]
[BlackElo "2186"]
[PlyCount "123"]
[EventDate "2009.10.18"]
[EventType "team-tourn"]
[EventRounds "9"]
[EventCountry "GER"]
[SourceTitle "EXT 2011"]
[Source "ChessBase"]
[SourceDate "2010.11.26"]
[SourceVersion "1"]
[SourceVersionDate "2010.11.26"]
[SourceQuality "1"]
[WhiteTeam "Muenchen Tarrasch II"]
[BlackTeam "Passau II"]
[WhiteTeamCountry "GER"]
[BlackTeamCountry "GER"]

1. Nf3 Nf6 2. d4 c5 3. c4 cxd4 4. Nxd4 e5 5. Nb5 d5 6. cxd5 Bc5 7. d6 Qa5+ 8. N1c3 0-0 9. Nc7 Ne4 10. e3 Bxd6 11. Nxa8 Bb4 12. Bd2 Nxd2 13. Qxd2 Bf5 14. a3 Nc6 15. Rc1 Bxc3 16. Qxc3 Qxc3+ 17. Rxc3 Rxa8 18. f3 Kf8 19. Bb5 Bd7 20. Kf2 a6 21. Rd1 Ke7 22. Be2 f5 23. g3 g6 24. b4 Rc8 25. Rdc1 Ra8 26. b5 axb5 27. Bxb5 Ra5 28. a4 Ra8 29. Rd1 Be8 30. Rc5 Ke6 31. h4 Ra7 32. Rd2 Ra8 33. Ke1 Ra7 34. Kd1 Ra8 35. Kc1 Ra7 36. Kb2 Ra8 37. Kc3 Ra7 38. f4 e4 39. Bxc6 Bxc6 40. a5 Ra8 41. Kb4 Ke7 42. Re5+ Kf7 43. Rd6 Rc8 44. h5 Be8 45. hxg6+ hxg6 46. Rc5 Bc6 47. a6 Rb8 48. a7 Ra8 49. Rcxc6 bxc6 50. Rd7+ Ke6 51. Rb7 Kd5 52. Ka5 Kc4 53. Rd7 c5 54. Kb6 Re8 55. Kc6 Ra8 56. Kb7 Re8 57. a8Q Rxa8 58. Kxa8 Kb3 59. g4 fxg4 60. Rd6 Kc3 61. Rxg6 Kd3 62. f5 1-0

[Event "Regionalliga SO 0809"]
[Site "Bayern"]
[Date "2009.03.01"]
[Round "7.4"]
[White "Schmidt, Wolfgang"]
[Black "Holzer, Richard"]
[Result "1/2-1/2"]
[WhiteElo "2276"]
[BlackElo "2176"]
[PlyCount "63"]
[EventDate "2008.10.05"]
[EventType "team-tourn"]
[EventRounds "9"]
[EventCountry "GER"]
[SourceTitle "EXT 2020"]
[Source "ChessBase"]
[SourceDate "2019.10.17"]
[SourceVersion "1"]
[SourceVersionDate "2019.10.17"]
[SourceQuality "1"]
[WhiteTeam "Landshut"]
[BlackTeam "Passau II"]
[WhiteTeamCountry "GER"]
[BlackTeamCountry "GER"]

1. e4 e5 2. Nf3 Nc6 3. Bc4 Nf6 4. d4 exd4 5. e5 Ng4 6. Qe2 Bb4+ 7. c3 dxc3 8. bxc3 Be7 9. h3 Nh6 10. Bxh6 gxh6 11. 0-0 Rg8 12. Kh1 Kf8 13. Nd4 Nxd4 14. cxd4 d5 15. Bd3 Kg7 16. Nc3 Bb4 17. Rac1 Qh4 18. Qe3 c6 19. Ne2 Be7 20. Qf3 Bg5 21. Rb1 Rb8 22. Ng3 Qxd4 23. Nf5+ Bxf5 24. Qxf5 Qf4 25. Qxh7+ Kf8 26. e6 Qf6 27. f4 Bh4 28. exf7 Rh8 29. Qg6 Qxf7 30. Qg4 Bf6 31. Bg6 Qg7 32. Rfe1 1/2-1/2

[Event "Regionalliga SO 0809"]
[Site "Bayern"]
[Date "2008.10.26"]
[Round "2.3"]
[White "Absmaier, Friedrich"]
[Black "Holzer, Richard"]
[Result "0-1"]
[WhiteElo "2125"]
[BlackElo "2176"]
[PlyCount "82"]
[EventDate "2008.10.05"]
[EventType "team-tourn"]
[EventRounds "9"]
[EventCountry "GER"]
[SourceTitle "EXT 2020"]
[Source "ChessBase"]
[SourceDate "2019.10.17"]
[SourceVersion "1"]
[SourceVersionDate "2019.10.17"]
[SourceQuality "1"]
[WhiteTeam "Starnberg"]
[BlackTeam "Passau II"]
[WhiteTeamCountry "GER"]
[BlackTeamCountry "GER"]

1. e4 e5 2. Nf3 Nc6 3. Bb5 a6 4. Ba4 Nf6 5. 0-0 Be7 6. Re1 b5 7. Bb3 d6 8. c3 Na5 9. Bc2 c5 10. h3 Qc7 11. d3 0-0 12. Nbd2 Rd8 13. Nf1 Be6 14. Qe2 b4 15. Ng5 Bd7 16. f4 Bf8 17. Qf2 Re8 18. Bd2 Qb7 19. c4 Nc6 20. Ba4 Nd4 21. Bxd7 Nxd7 22. Be3 f6 23. Nf3 Be7 24. f5 b3 25. Bxd4 cxd4 26. a3 Nc5 27. Rad1 Bd8 28. Ng3 Ba5 29. Rf1 Qf7 30. Nh4 Kf8 31. Kh2 Ke7 32. Ne2 Qh5 33. Nf3 Qh6 34. Nfxd4 exd4 35. Qxd4 Qh5 36. Qe3 Kf8 37. Qg3 Nxe4 38. dxe4 Qxe2 39. Qxd6+ Re7 40. Qd5 Bc7+ 41. Kh1 Rd8 0-1

[Event "Bayern-chA 79th"]
[Site "Bad Neustadt/Saale"]
[Date "2008.09.05"]
[Round "8"]
[White "Holzer, Richard"]
[Black "Schatz, Christian"]
[Result "1/2-1/2"]
[WhiteElo "2176"]
[BlackElo "2119"]
[PlyCount "79"]
[EventDate "2008.08.30"]
[EventType "swiss"]
[EventRounds "9"]
[EventCountry "GER"]
[SourceTitle "EXT 2015"]
[Source "ChessBase"]
[SourceDate "2014.11.20"]
[SourceVersion "1"]
[SourceVersionDate "2014.11.20"]
[SourceQuality "1"]

1. e4 Nf6 2. e5 Nd5 3. Qf3 e6 4. d4 c5 5. dxc5 Nc6 6. Qe4 f5 7. exf6 Nxf6 8. Qc4 Qa5+ 9. c3 Qxc5 10. Be3 Qxc4 11. Bxc4 d5 12. Be2 e5 13. Nd2 Ng4 14. Bxg4 Bxg4 15. Nb3 Rd8 16. f3 Be6 17. Bc5 Kf7 18. Ne2 b6 19. Bxf8 Rhxf8 20. f4 Bg4 21. fxe5 Bxe2 22. Kxe2 Rfe8 23. Rhf1+ Kg6 24. Rae1 Nxe5 25. Kd2 Nc4+ 26. Kc1 Re4 27. Nd2 Nxd2 28. Kxd2 Rde8 29. Rxe4 Rxe4 30. Rf2 Ra4 31. a3 d4 32. c4 Rxc4 33. Kd3 Rc1 34. Kxd4 h5 35. h4 Rh1 36. g3 Rd1+ 37. Kc4 Re1 38. Rf3 Re5 39. b4 a5 40. Kd4 1/2-1/2

[Event "Bayern-chA 79th"]
[Site "Bad Neustadt/Saale"]
[Date "2008.08.30"]
[Round "1"]
[White "Jorczik, Julian Marcel"]
[Black "Holzer, Richard"]
[Result "1-0"]
[WhiteElo "2361"]
[BlackElo "2176"]
[PlyCount "115"]
[EventDate "2008.08.30"]
[EventType "swiss"]
[EventRounds "9"]
[EventCountry "GER"]
[SourceTitle "EXT 2015"]
[Source "ChessBase"]
[SourceDate "2014.11.20"]
[SourceVersion "1"]
[SourceVersionDate "2014.11.20"]
[SourceQuality "1"]

1. d4 Nf6 2. c4 c5 3. d5 b5 4. Nf3 g6 5. Nbd2 d6 6. e4 Bg7 7. cxb5 a6 8. Bd3 0-0 9. 0-0 axb5 10. Bxb5 Ba6 11. Be2 Nbd7 12. Re1 Qc7 13. Qc2 Rfb8 14. Nb3 Rb7 15. Bd2 Bxe2 16. Rxe2 Qb8 17. Ree1 Rba7 18. Nc1 Nb6 19. Rb1 Qe8 20. b3 Qb5 21. Bc3 Nbd7 22. Nd2 Nb8 23. a4 Qd7 24. Nc4 Rb7 25. Nd3 Na6 26. h3 Ne8 27. e5 dxe5 28. Ndxe5 Bxe5 29. Rxe5 f6 30. Re6 Ng7 31. Nb6 Qd8 32. Nxa8 Nxe6 33. Qe2 Nec7 34. Nxc7 Nxc7 35. Ba5 Kf8 36. Rd1 Qd6 37. Qc4 e6 38. Bxc7 Rxc7 39. Rd3 e5 40. Qb5 Kg7 41. Qb8 e4 42. Rc3 Qe7 43. Qb6 Rb7 44. Qc6 Rc7 45. Qb6 Rb7 46. Qa6 Rd7 47. Qc4 Rb7 48. Qxc5 Qxc5 49. Rxc5 Rxb3 50. Rc7+ Kf8 51. a5 Ra3 52. Ra7 Ke8 53. a6 Kd8 54. d6 Kc8 55. Rc7+ Kd8 56. a7 h6 57. Rh7 Kc8 58. a8Q+ 1-0